000 01497ctm a2200361 i 4500
999 _c68507
_d68507
001 68507
003 Mx-PuUPA
005 20220302075457.0
008 140131s2014 ncuad fr 001 0 eng d
020 _a9781623966232
040 _aMx-PuUPA
_bspa
_cMx-PuUPA
_dMx-PuUPA
_erda
041 0 _aeng
245 0 0 _aStrategic alliances for innovation and R & D /
_cedited by T.K. Das
250 _aHardcover
264 1 _aCharlotte, NC :
_bInformation Age Publishing, Inc.,
_c©2014
300 _aix, 297 páginas :
_bilustraciones, gráficas ;
_c24 cm
336 _2rdacontent
_atexto
_btxt
337 _2rdamedia
_asin medio
_bn
338 _2rdacarrier
_avolumen
_bnc
490 1 _aResearch in strategic alliances
650 1 4 _aAlianzas estratégicas
_xNegocios
650 1 4 _aIndustria
_xInvestigación
650 1 4 _aInnovaciones tecnológicas
650 1 4 _aProductos nuevos
700 1 _aDas, T. K.,
_q(Tushar Kanti),
_d1938-
_eeditor
775 8 _iPublicada también como (manifestación)
_tStrategic alliances for innovation and R & D
_bPaperback
_dCharlotte, NC : Information Age Publishing, Inc., ©2014
_hix, 297 páginas : ilustraciones, gráficas ; 24 cm.
_w(Mx-PuUPA) 68580
_z9781623966225
800 1 _aDas, T. K., (Tushar Kanti), 1938-
_eeditor
_tResearch in strategic alliances
942 _2ddc
_cLI
_h658.57
_iS8982